[Event "World Blitz Women 2022"]
[Site "Almaty KAZ"]
[Date "2022.12.29"]
[Round "6.48"]
[White "Samaganova, Aleksandra"]
[Black "Martins de Aguiar, Marina"]
[Result "1-0"]
[WhiteTitle "WFM"]
[WhiteElo "1884"]
[BlackElo "1877"]
[WhiteFideId "13800221"]
[BlackFideId "2143321"]
[EventDate "2022.12.29"]

1. c4 g6 2. Nc3 Bg7 3. g3 e5 4. Bg2 f5 5. e3 Nf6 6. Nge2 O-O 7. b4 a5 8. b5 d6
9. O-O Nbd7 10. d4 Kh8 11. Qc2 Qe7 12. a4 Nb6 13. Nd1 Nbd7 14. Ba3 Rb8 15. c5
Ne8 16. Rc1 exd4 17. exd4 b6 18. cxd6 cxd6 19. Ne3 Bb7 20. Nd5 Qf7 21. Ndf4 Bxg2
22. Kxg2 Ndf6 23. Rfe1 Ne4 24. d5 Qd7 25. Ne6 Bh6 26. Nxf8 Bxf8 27. Nf4 Ng7 28.
f3 Nc5 29. Bxc5 dxc5 30. Qd3 Bd6 31. Ne6 Nxe6 32. dxe6 Qe7 33. Rcd1 Rd8 34. Qc3+
Kg8 35. Rd2 Bc7 36. Rxd8+ Bxd8 37. Qd3 Qg5 38. h4 Qf6 39. Qd7 Qb2+ 40. Kh3 Qf6
41. Qe8+ Kg7 42. e7 f4 43. Qf8+ Qxf8 44. exf8=Q+ Kxf8 45. gxf4 Kf7 46. Rd1 Bf6
47. Rd6 Bc3 48. Rxb6 Bd2 49. Kg3 h6 50. Rc6 Bb4 51. b6 1-0

[Event "World Blitz Women 2022"]
[Site "Almaty KAZ"]
[Date "2022.12.29"]
[Round "6.49"]
[White "Balakanova, Gulnar"]
[Black "Madi, Aidana"]
[Result "1-0"]
[WhiteTitle "WFM"]
[WhiteElo "1743"]
[BlackElo "1583"]
[WhiteFideId "13705890"]
[BlackFideId "13722689"]
[EventDate "2022.12.29"]

1. e4 c5 2. Nc3 Nc6 3. Nge2 g6 4. g3 Bg7 5. Bg2 e6 6. O-O Nge7 7. d3 O-O 8. h3
d5 9. exd5 exd5 10. Bf4 a6 11. Qd2 Be6 12. Bh6 Nf5 13. Bxg7 Kxg7 14. Rae1 Qd7
15. Nf4 d4 16. Ne4 b6 17. Ng5 Rae8 18. Re2 h6 19. Ngxe6+ fxe6 20. Rfe1 Nd8 21.
c3 g5 22. Nh5+ Kg6 23. g4 Nd6 24. Ng3 Rf4 25. Ne4 Ref8 26. cxd4 cxd4 27. Qb4
N8b7 28. Qxd4 e5 29. Qxb6 1-0

[Event "World Blitz Women 2022"]
[Site "Almaty KAZ"]
[Date "2022.12.29"]
[Round "7.1"]
[White "Shuvalova, Polina"]
[Black "Dzagnidze, Nana"]
[Result "1-0"]
[WhiteTitle "IM"]
[BlackTitle "GM"]
[WhiteElo "2502"]
[BlackElo "2517"]
[WhiteFideId "24171760"]
[BlackFideId "13601903"]
[EventDate "2022.12.29"]

1. d4 Nf6 2. Nf3 g6 3. c4 Bg7 4. Nc3 O-O 5. e4 d6 6. Be2 e5 7. d5 a5 8. h3 Na6
9. Bg5 h6 10. Be3 Nc5 11. Nd2 c6 12. g4 Nfd7 13. h4 Nb6 14. h5 g5 15. Nf1 cxd5
16. cxd5 Bd7 17. Bxc5 dxc5 18. Ng3 Nc8 19. Bb5 Nd6 20. Bxd7 Qxd7 21. a4 c4 22.
O-O Rfc8 23. Qe2 Bf8 24. Rfd1 Rab8 25. Kg2 b6 26. Rd2 Rc5 27. Qf3 Re8 28. Re2
Bg7 29. Re3 Bf8 30. Re2 Bg7 31. Rc2 Bf8 32. Qe2 Bg7 33. Nd1 Rec8 34. Ne3 b5 35.
axb5 Nxb5 36. Rxc4 Nd4 37. Qd3 Rxc4 38. Nxc4 Qb5 39. Rc1 a4 40. Rc3 Qb4 41. Ne3
Rb8 42. Nc4 Rc8 43. Nf5 Nxf5 44. gxf5 Rb8 45. d6 Rd8 46. Qd5 Qb8 47. d7 Qa7 48.
Rd3 Qc7 49. Rd2 Qa7 50. Qd6 Qa8 51. Rd5 Kh7 52. Qe7 Qb8 53. Qxf7 Qb3 54. Nd6 Qc2
55. f6 Rg8 56. Qxg8+ Kxg8 57. d8=Q+ Bf8 58. f7+ Kg7 59. Nf5+ Kxf7 60. Rd7+ 1-0

[Event "World Blitz Women 2022"]
[Site "Almaty KAZ"]
[Date "2022.12.29"]
[Round "7.2"]
[White "Gunina, Valentina"]
[Black "Tan, Zhongyi"]
[Result "1-0"]
[WhiteTitle "GM"]
[BlackTitle "GM"]
[WhiteElo "2476"]
[BlackElo "2518"]
[WhiteFideId "4167570"]
[BlackFideId "8603642"]
[EventDate "2022.12.29"]

1. d4 Nf6 2. c4 e6 3. Nf3 Bb4+ 4. Bd2 Bxd2+ 5. Qxd2 O-O 6. Nc3 d5 7. e3 Qe7 8.
Rc1 dxc4 9. Bxc4 c5 10. O-O Rd8 11. Qe2 cxd4 12. Nxd4 Bd7 13. Rfd1 Nc6 14. Bb5
Rac8 15. Nxc6 Bxc6 16. Rxd8+ Qxd8 17. Rd1 Qe8 18. h3 h6 19. Qd3 a6 20. Bxc6 Qxc6
21. Qd4 Rc7 22. Qd8+ Kh7 23. Rd6 Qc5 24. Na4 Qc1+ 25. Rd1 Qc6 26. Rd6 Qc1+ 27.
Kh2 Rc8 28. Rd1 Qc2 29. Qd3+ Ne4 30. f3 Qxa4 31. b3 Qc6 32. fxe4 Qc2 33. Kg3
Qxa2 34. e5+ Kg8 35. Qd7 Qc2 36. Qxb7 Qg6+ 37. Kh2 Qc2 38. Rf1 Rf8 39. Rf3 Qc3
40. Qxa6 Qxe5+ 41. Kg1 Qc3 42. Qc4 Qe1+ 43. Kh2 Ra8 44. Qf4 Rf8 45. Rg3 Kh8 46.
Qe5 Rg8 47. Qc7 f6 48. Qf7 e5 49. Qc4 Rb8 50. Qc7 Rg8 51. Qb7 Qd1 52. b4 h5 53.
Qe4 Rd8 54. b5 Qd7 55. b6 Rb8 56. Qb4 Qb7 57. Qh4 Qxb6 58. Qxh5+ Kg8 59. Qg6 Rb7
60. h4 Qe6 61. h5 Qf7 62. Qf5 Rb4 63. Kh3 Kh8 64. Rg6 Rb8 65. h6 Rg8 66. Kh2 Qe7
67. Qh5 gxh6 68. Rxh6+ Kg7 69. Rh7+ Kf8 70. Rxe7 Kxe7 71. Qh7+ Kf8 72. Qd7 Rg7
73. Qd8+ Kf7 74. Kg1 Ke6 75. Qc8+ Kf7 76. Kf2 Rg5 77. Kf3 Ke7 78. g4 Kf7 79. Ke4
Kg7 80. Kd5 Rg6 81. Qd7+ Kh6 82. Qf5 Kg7 83. Ke6 Rg5 84. Qxf6+ 1-0

[Event "World Blitz Women 2022"]
[Site "Almaty KAZ"]
[Date "2022.12.29"]
[Round "7.3"]
[White "Goryachkina, Aleksandra"]
[Black "Harika, Dronavalli"]
[Result "1/2-1/2"]
[WhiteTitle "GM"]
[BlackTitle "GM"]
[WhiteElo "2584"]
[BlackElo "2507"]
[WhiteFideId "4147103"]
[BlackFideId "5015197"]
[EventDate "2022.12.29"]

1. Nf3 g6 2. d4 Bg7 3. c4 d6 4. Nc3 e5 5. dxe5 dxe5 6. Qxd8+ Kxd8 7. Bg5+ f6 8.
O-O-O+ Bd7 9. Bd2 c6 10. g3 Kc7 11. h4 h5 12. Bh3 Bxh3 13. Rxh3 Na6 14. Rhh1 Nc5
15. Be3 Ne6 16. Nd2 Nh6 17. f3 Nf5 18. Bf2 Bh6 19. Kb1 Be3 20. Bxe3 Nxe3 21. Rc1
Rad8 22. Nf1 Nxf1 23. Rhxf1 f5 24. Rcd1 Rd4 25. b3 Rhd8 26. Kc1 f4 27. Rxd4 exd4
28. Ne4 fxg3 29. Nxg3 Nf4 30. Kd2 Ng2 31. Rh1 Rf8 32. Rh2 Ne3 33. Kd3 c5 34. Ne4
b6 35. Rh1 Ng2 36. Rh2 Ne3 37. Rh1 Ng2 38. Rh2 Ne3 39. Rh1 1/2-1/2

[Event "World Blitz Women 2022"]
[Site "Almaty KAZ"]
[Date "2022.12.29"]
[Round "7.4"]
[White "Assaubayeva, Bibisara"]
[Black "Danielian, Elina"]
[Result "1-0"]
[WhiteTitle "IM"]
[BlackTitle "GM"]
[WhiteElo "2440"]
[BlackElo "2431"]
[WhiteFideId "13708694"]
[BlackFideId "13300210"]
[EventDate "2022.12.29"]

1. d4 d6 2. c4 e5 3. Nc3 exd4 4. Qxd4 Nc6 5. Qd2 Nf6 6. Nf3 g6 7. b3 Bg7 8. Bb2
O-O 9. e3 a5 10. Bd3 Bg4 11. Be2 Re8 12. O-O Ne5 13. Nd4 Bxe2 14. Qxe2 c6 15.
Rfd1 Qc7 16. h3 Ned7 17. a3 Nc5 18. Qc2 Rad8 19. Nf3 Qb6 20. Nd2 Ne6 21. Rab1
Qc5 22. b4 axb4 23. axb4 Qb6 24. Nce4 Nxe4 25. Nxe4 Qc7 26. Bxg7 Nxg7 27. Nf6+
Kh8 28. Nxe8 Rxe8 29. Qd3 Rd8 30. b5 Kg8 31. bxc6 bxc6 32. Qb3 Qe7 33. Qb7 Qe8
34. Rb6 d5 35. Qxc6 dxc4 36. Qxe8+ Rxe8 37. Rc6 Nf5 38. Rxc4 Kg7 39. e4 Nh6 40.
f3 Ng8 41. Rc7 Nf6 42. Rb1 h5 43. Rbb7 Rf8 44. h4 Ng8 45. Kf2 Nh6 46. e5 Kg8 47.
e6 Kg7 48. Rd7 Kf6 49. exf7 Nxf7 50. Rb6+ Kg7 51. Ra7 Kh7 52. Kg3 Kg7 53. Rbb7
Kf6 54. Rb6+ Kg7 55. Raa6 Ne5 56. Re6 Rf5 57. f4 Nd3 58. Rxg6+ Kf7 59. Rg5 Rxf4
60. Rd6 Ke8 1-0

[Event "World Blitz Women 2022"]
[Site "Almaty KAZ"]
[Date "2022.12.29"]
[Round "7.5"]
[White "Badelka, Olga"]
[Black "Lagno, Kateryna"]
[Result "0-1"]
[WhiteTitle "IM"]
[BlackTitle "GM"]
[WhiteElo "2416"]
[BlackElo "2563"]
[WhiteFideId "13509926"]
[BlackFideId "14109336"]
[EventDate "2022.12.29"]

1. e4 e5 2. Nf3 Nc6 3. Nc3 Nf6 4. Bb5 Bd6 5. d3 O-O 6. Bxc6 dxc6 7. Rg1 Nd7 8.
g4 Nc5 9. Be3 Ne6 10. Qd2 b5 11. Ne2 c5 12. h4 c4 13. h5 cxd3 14. cxd3 c5 15. g5
f5 16. gxf6 Qxf6 17. Ng5 Nxg5 18. Rxg5 Be6 19. Nc3 c4 20. O-O-O b4 21. Nd5 Bxd5
22. exd5 c3 23. Qe2 Rac8 24. Rdg1 Rf7 25. Qg4 cxb2+ 26. Kxb2 Rcc7 27. Qe4 Kf8
28. h6 Qxh6 29. Rg6 Rxf2+ 30. Bxf2 Qd2+ 31. Ka1 Rc1+ 0-1

[Event "World Blitz Women 2022"]
[Site "Almaty KAZ"]
[Date "2022.12.29"]
[Round "7.6"]
[White "Paehtz, Elisabeth"]
[Black "Buksa, Nataliya"]
[Result "1-0"]
[WhiteTitle "GM"]
[BlackTitle "IM"]
[WhiteElo "2464"]
[BlackElo "2405"]
[WhiteFideId "4641833"]
[BlackFideId "14123622"]
[EventDate "2022.12.29"]

1. d4 d5 2. Bf4 Nf6 3. e3 e6 4. Nf3 c5 5. c3 Nc6 6. Nbd2 Bd6 7. Bg3 O-O 8. Bd3
g6 9. Qe2 Nh5 10. Bh4 Be7 11. Bxe7 Qxe7 12. Ne5 Ng7 13. O-O f6 14. Nef3 Bd7 15.
dxc5 Qxc5 16. e4 Rae8 17. Rfe1 Kh8 18. Nb3 Qb6 19. exd5 exd5 20. Qd2 Ne5 21.
Nfd4 Qd6 22. Bf1 a6 23. Rad1 Nc4 24. Qc2 Rxe1 25. Rxe1 Re8 26. Rxe8+ Bxe8 27.
Bxc4 dxc4 28. Nd2 b5 29. Qe4 Bf7 30. Qa8+ Bg8 31. h3 h5 32. Ne4 Qf4 33. Qc6 Qe5
34. Nf3 Qe6 35. Qxe6 Bxe6 36. Nxf6 Nf5 37. Ne4 Kg7 38. Kf1 Ne7 39. Nd4 Bc8 40.
Ke2 Nd5 41. Kf3 Bd7 42. Nc5 Bc8 43. g3 b4 44. cxb4 Nxb4 45. a3 Nd5 46. h4 c3 47.
bxc3 Nxc3 48. Ke3 Kf7 49. Kd3 Nd5 50. Ne4 Ne7 51. Ng5+ Kf6 52. Kc4 Bb7 53. Kc5
Nc8 54. Nc6 Kf5 55. f3 Kf6 56. Nd4 Ke7 57. a4 Kf6 58. a5 Ne7 59. Kb6 Bc8 60.
Ne4+ Kg7 61. Nc6 Nd5+ 62. Ka7 Ne3 63. Nd6 Bd7 64. Ne5 Be6 65. Kxa6 Nf1 66. Ne4
Bd5 67. Kb6 Kf8 68. Nxg6+ Kf7 69. Nf4 Ba8 70. Nxh5 Ke6 71. Nf4+ Kf5 72. h5 Ne3
73. h6 Nc4+ 74. Kb5 Ne5 75. h7 Nf7 76. Kb6 Ke5 77. a6 Kf5 78. Nd6+ Kg5 79. Nxf7+
Kf6 80. h8=Q+ Kf5 81. Qxa8 Kf6 82. Ne5 Kf5 83. Ned3 Kf6 84. Qc6+ Kf7 85. Qe6+
Kg7 86. Qg6+ Kf8 87. Qf6+ Kg8 88. Nh5 1-0

[Event "World Blitz Women 2022"]
[Site "Almaty KAZ"]
[Date "2022.12.29"]
[Round "7.7"]
[White "Kosteniuk, Alexandra"]
[Black "Javakhishvili, Lela"]
[Result "1-0"]
[WhiteTitle "GM"]
[BlackTitle "IM"]
[WhiteElo "2520"]
[BlackElo "2440"]
[WhiteFideId "4128125"]
[BlackFideId "13601458"]
[EventDate "2022.12.29"]

1. e4 g6 2. d4 Bg7 3. Nc3 d6 4. Be3 Nd7 5. h4 h5 6. Nh3 c5 7. Qd2 Ngf6 8. f3
cxd4 9. Bxd4 a6 10. Ng5 b5 11. a4 b4 12. Na2 a5 13. Bc4 O-O 14. O-O Nc5 15. Bxc5
dxc5 16. Bxf7+ Kh8 17. Qxd8 Rxd8 18. Rfd1 Ba6 19. Bxg6 Bc4 20. Nf7+ Bxf7 21.
Bxf7 Nd7 22. Rd5 Ne5 23. Bxh5 Rxd5 24. exd5 Nc4 25. Re1 Nxb2 26. Rxe7 c4 27. Rc7
Be5 28. Rc6 Rd8 29. Bf7 Kg7 30. Be6 Bf4 31. g3 Be3+ 32. Kg2 b3 33. cxb3 cxb3 34.
Nc3 Nd3 35. Rc7+ Kh8 36. Rb7 b2 37. Nd1 Bc1 38. f4 Nb4 39. Nxb2 Bxb2 40. Rb5 Kg7
41. Rxa5 Kf6 42. Rb5 Nd3 43. Rb3 Ne1+ 44. Kf2 Bd4+ 45. Kxe1 Ra8 46. Bd7 Rg8 47.
g4 Rd8 48. g5+ Ke7 49. Bc6 Rf8 50. Rb7+ Kd6 51. h5 Rxf4 52. g6 Rh4 53. g7 Rg4
54. h6 Rg6 55. Rb8 1-0

[Event "World Blitz Women 2022"]
[Site "Almaty KAZ"]
[Date "2022.12.29"]
[Round "7.8"]
[White "Stefanova, Antoaneta"]
[Black "Bivol, Alina"]
[Result "1/2-1/2"]
[WhiteTitle "GM"]
[BlackTitle "IM"]
[WhiteElo "2442"]
[BlackElo "2364"]
[WhiteFideId "2902257"]
[BlackFideId "4100123"]
[EventDate "2022.12.29"]

1. d4 d5 2. Nf3 Nf6 3. g3 Nbd7 4. Bg2 Nb6 5. O-O Bf5 6. Nh4 Bg6 7. Nxg6 hxg6 8.
Nc3 e6 9. e4 dxe4 10. Nxe4 Nxe4 11. Bxe4 c6 12. Bg2 Be7 13. c3 Qd7 14. Qe2 Nd5
15. a4 Nf6 16. a5 a6 17. Bf4 Bd6 18. Be5 Bxe5 19. dxe5 Nd5 20. c4 Ne7 21. Rfd1
Qc7 22. b4 O-O 23. h4 Rfd8 24. h5 Rxd1+ 25. Rxd1 Rd8 26. hxg6 Nxg6 27. f4 Ne7
28. Be4 b6 29. axb6 Qxb6+ 30. Kg2 Rxd1 31. Qxd1 Nf5 32. c5 Qxb4 33. Qd8+ Kh7 34.
Qh4+ Kg8 35. Qd8+ Kh7 1/2-1/2

[Event "World Blitz Women 2022"]
[Site "Almaty KAZ"]
[Date "2022.12.29"]
[Round "7.9"]
[White "Kamalidenova, Meruert"]
[Black "Arabidze, Meri"]
[Result "0-1"]
[WhiteTitle "WIM"]
[BlackTitle "IM"]
[WhiteElo "2377"]
[BlackElo "2427"]
[WhiteFideId "13712802"]
[BlackFideId "13604040"]
[EventDate "2022.12.29"]

1. e4 c5 2. Nf3 e6 3. d4 cxd4 4. Nxd4 Nc6 5. Nc3 Qc7 6. Be3 a6 7. g4 Nxd4 8.
Bxd4 b5 9. Qd2 Bb7 10. Bg2 Rc8 11. O-O-O Bc6 12. f4 Ne7 13. Kb1 b4 14. Ne2 a5
15. Be5 Qb7 16. Nd4 f6 17. Nxc6 Nxc6 18. Bd6 Bxd6 19. Qxd6 Qc7 20. Rhe1 Qxd6 21.
Rxd6 Ke7 22. Red1 Rc7 23. Bf1 h5 24. g5 fxg5 25. fxg5 Rf8 26. b3 Rf4 27. Bb5 Ne5
28. Ra6 Rf2 29. Rc1 Rxh2 30. Rxa5 Rc5 31. a4 bxa3 32. b4 Rc3 33. Ba4 Nc4 34. Ra7
Nb6 35. Bb3 h4 36. Rxa3 h3 37. Ra6 Nc4 38. Ra8 Nd2+ 39. Kb2 Nxb3 40. Kxc3 Nxc1
41. b5 Ne2+ 42. Kd3 Nf4+ 43. Kc3 Rg2 44. b6 h2 45. Rh8 Rg3+ 46. Kc4 Rh3 47. Rxh3
Nxh3 48. b7 h1=Q 49. b8=Q Qxe4+ 50. Kc3 Qc6+ 51. Kb2 Nxg5 52. Qg8 Qb6+ 53. Kc1
Qe3+ 54. Kb1 Qe1+ 55. Ka2 Qe5 56. Qc8 Ne4 57. Qc4 Qd5 0-1

[Event "World Blitz Women 2022"]
[Site "Almaty KAZ"]
[Date "2022.12.29"]
[Round "7.10"]
[White "Batsiashvili, Nino"]
[Black "Munkhzul, Turmunkh"]
[Result "0-1"]
[WhiteTitle "GM"]
[BlackTitle "WIM"]
[WhiteElo "2493"]
[BlackElo "2318"]
[WhiteFideId "13602993"]
[BlackFideId "4901878"]
[EventDate "2022.12.29"]

1. d4 Nf6 2. Nf3 g6 3. Bf4 Bg7 4. e3 O-O 5. h3 d6 6. Be2 Nbd7 7. O-O c5 8. c3
Qb6 9. Qb3 Qxb3 10. axb3 b6 11. Nbd2 Bb7 12. Ra3 a6 13. Nc4 Ne4 14. Rd1 cxd4 15.
exd4 Rfd8 16. b4 b5 17. Na5 Bd5 18. b3 Nxc3 19. Re1 Nf8 20. Bd3 Ne6 21. Be3 Rac8
22. Ng5 Nxd4 23. Bd2 h6 24. Bxc3 Rxc3 25. Be4 hxg5 26. Bxd5 e6 27. Be4 d5 28.
Bb1 Rdc8 29. Kf1 Rc1 30. Bd3 R8c3 31. Be2 Rxe1+ 32. Kxe1 Nc2+ 33. Kd2 Nxa3 34.
Nb7 Rxb3 35. Nc5 Rxb4 36. Nxa6 Rb2+ 37. Ke3 Nc2+ 38. Kd3 Ne1+ 39. Ke3 d4+ 40.
Ke4 Rxe2# 0-1

[Event "World Blitz Women 2022"]
[Site "Almaty KAZ"]
[Date "2022.12.29"]
[Round "7.11"]
[White "Osmak, Yuliia"]
[Black "Eric, Jovana"]
[Result "1/2-1/2"]
[WhiteTitle "IM"]
[BlackTitle "WGM"]
[WhiteElo "2451"]
[BlackElo "2236"]
[WhiteFideId "14101602"]
[BlackFideId "938238"]
[EventDate "2022.12.29"]

1. b4 e5 2. Bb2 d6 3. e3 f5 4. Nf3 Nf6 5. Be2 Be7 6. d4 e4 7. Nfd2 O-O 8. c4 c6
9. Nc3 a5 10. b5 d5 11. a4 Be6 12. Qb3 Nbd7 13. Ba3 Bxa3 14. Qxa3 Ne8 15. g3 Qf6
16. h4 Bf7 17. Qb3 dxc4 18. Bxc4 Nd6 19. Bxf7+ Qxf7 20. bxc6 bxc6 21. Qxf7+ Kxf7
22. Ke2 Rfb8 23. Rhb1 Ke6 24. Kd1 Nf6 25. Nb3 Nd7 26. Kc2 Nc4 27. Ne2 Kd6 28.
Kc3 Ncb6 29. Kc2 Nd5 30. Nd2 Nb4+ 31. Kc3 Nb6 32. Nf4 N6d5+ 33. Nxd5 cxd5 34.
Nb3 Nd3 35. f4 Rb4 36. Nc5 Nxc5 37. dxc5+ Kxc5 38. Rxb4 axb4+ 39. Kb3 Rb8 40.
Rc1+ Kd6 41. Rd1 g6 42. Rd2 Kc5 43. Rc2+ Kd6 44. Rd2 h6 45. Rd1 Kc5 46. Rc1+ Kd6
47. Rd1 Kc5 48. Rc1+ Kd6 49. Rd1 1/2-1/2

[Event "World Blitz Women 2022"]
[Site "Almaty KAZ"]
[Date "2022.12.29"]
[Round "7.12"]
[White "Charochkina, Daria"]
[Black "Fataliyeva, Ulviyya"]
[Result "0-1"]
[WhiteTitle "IM"]
[BlackTitle "IM"]
[WhiteElo "2344"]
[BlackElo "2428"]
[WhiteFideId "4180917"]
[BlackFideId "13403052"]
[EventDate "2022.12.29"]

1. d4 e6 2. c4 Nf6 3. Nc3 Bb4 4. e3 O-O 5. Bd2 c5 6. a3 Bxc3 7. Bxc3 Ne4 8. Rc1
b6 9. d5 exd5 10. cxd5 Nxc3 11. Rxc3 d6 12. Ne2 b5 13. Nf4 a6 14. Bd3 c4 15. Bb1
Qf6 16. O-O Nd7 17. Nh5 Qh6 18. Ng3 Nf6 19. h3 Re8 20. Qd4 Qg5 21. Kh2 Qxd5 22.
Qh4 h6 23. f4 Qd2 24. e4 Qxb2 25. Rcc1 Bb7 0-1

[Event "World Blitz Women 2022"]
[Site "Almaty KAZ"]
[Date "2022.12.29"]
[Round "7.13"]
[White "Injac, Teodora"]
[Black "Omonova, Umida"]
[Result "0-1"]
[WhiteTitle "WGM"]
[BlackTitle "WFM"]
[WhiteElo "2365"]
[BlackElo "2052"]
[WhiteFideId "932400"]
[BlackFideId "14210363"]
[EventDate "2022.12.29"]

1. Nf3 d5 2. g3 Bg4 3. Bg2 c6 4. O-O Nd7 5. h3 Bh5 6. d4 Ngf6 7. c4 e6 8. cxd5
exd5 9. Qb3 Qb6 10. Qe3+ Be7 11. Nh4 Bg6 12. Nc3 Qd8 13. Nxg6 hxg6 14. Qd3 O-O
15. Bd2 Re8 16. e3 Bb4 17. Rab1 Qe7 18. a3 Bxc3 19. Bxc3 Ne4 20. Bb4 Qe6 21. a4
a6 22. Ba3 Nb6 23. b3 Nc8 24. Rfe1 Ncd6 25. Rbc1 Rac8 26. Qd1 Nf5 27. Qg4 Nd2
28. Qd1 Ne4 29. Qg4 Qf6 30. Rc2 Rb8 31. Qd1 Nfd6 32. Bb2 Rec8 33. Qf3 Qe6 34.
Qf4 f6 35. h4 Kf7 36. Kh2 g5 37. hxg5 Rh8+ 38. Kg1 Nxg5 39. g4 Rh4 40. f3 Rbh8
41. Ba3 Ne8 42. Qg3 R4h7 43. e4 dxe4 44. fxe4 Qd7 45. d5 Nc7 46. dxc6 bxc6 47.
e5 Qd4+ 48. Qe3 Qxg4 49. Rxc6 Nce6 50. Rxe6 Qxe6 51. Qa7+ Kg6 52. Qe3 Qg4 53.
Qd3+ Qf5 54. Qxf5+ Kxf5 55. exf6 gxf6 56. Bb2 Rc7 57. Rf1+ Kg4 58. Rxf6 Rc2 59.
Rf2 Rxf2 60. Kxf2 Rf8+ 61. Ke3 Ne6 62. Be4 Nc5 63. Bd5 Nxb3 64. Bxb3 Rf3+ 65.
Kd2 Rxb3 66. Bc3 Kf5 67. Kd3 Ke6 68. Kc4 Rb1 69. a5 Kd6 70. Bb4+ Kc6 71. Bc3 Rh1
72. Bd4 Rh4 73. Kc3 Kb5 74. Bb6 Rh3+ 75. Kd4 Rh1 76. Kc3 Rh4 77. Kd3 Kc6 78. Kc3
Kd5 79. Kb3 Rc4 80. Kb2 Ke4 81. Kb3 Kd3 82. Bd8 Rc8 83. Bb6 Ke4 84. Kb4 Kd5 85.
Kb3 Rh8 86. Kb4 Rh4+ 87. Kc3 Rh3+ 88. Kb4 Rd3 89. Bd8 Rd4+ 90. Kc3 Rc4+ 91. Kb3
Rc1 92. Bb6 Kc6 93. Kb4 Kd5 94. Kb3 Ke4 95. Kb4 Kd3 96. Bd8 Rc4+ 97. Kb3 Rc5 98.
Bb6 Rb5+ 99. Ka4 Kc3 100. Ka3 Kc2 101. Ka2 Rb4 102. Ka3 Kc3 103. Bd8 Rb1 104.
Ka2 Rd1 105. Bb6 Rd5 106. Bc7 Rd2+ 107. Ka3 Rd7 108. Bb6 Rd1 109. Ka2 Kc2 110.
Bc7 Rd7 111. Bb6 Rd3 112. Bc7 Rc3 113. Bb6 Rc4 114. Ka3 Rh4 115. Bc7 Rh1 116.
Kb4 Rb1+ 117. Ka3 Kc3 118. Ka2 Rb4 119. Ka3 Kc4 120. Bb6 Rb1 121. Ka2 Rh1 122.
Ka3 Kc3 123. Ka2 Rh4 124. Ka3 Rc4 125. Ka2 Ra4+ 126. Kb1 Re4 127. Ka2 Re1 128.
Bc7 Kb4 129. Bb6 Re2+ 130. Kb1 Kc3 131. Bc7 Rb2+ 132. Kc1 Rd2 133. Be5+ Kd3 134.
Bb8 Rc2+ 135. Kb1 Rc5 0-1

[Event "World Blitz Women 2022"]
[Site "Almaty KAZ"]
[Date "2022.12.29"]
[Round "7.14"]
[White "Ovod, Evgenija"]
[Black "Tania, Sachdev"]
[Result "0-1"]
[WhiteTitle "IM"]
[BlackTitle "IM"]
[WhiteElo "2323"]
[BlackElo "2389"]
[WhiteFideId "4131827"]
[BlackFideId "5007844"]
[EventDate "2022.12.29"]

1. e4 e5 2. Nf3 Nc6 3. Bc4 Nf6 4. d3 h6 5. O-O d6 6. c3 g5 7. Nbd2 Bg7 8. a4 Qe7
9. a5 a6 10. Bb3 Be6 11. Nc4 Rd8 12. Ne3 O-O 13. h3 Qd7 14. Kh2 d5 15. Ba4 dxe4
16. Bxc6 Qxc6 17. Nxe5 Qd6 18. d4 Nd7 19. Qc2 f6 20. Qxe4 fxe5 21. d5 Nf6 22.
Qg6 Nxd5 23. Rd1 Qe7 24. Nxd5 Rxd5 25. Be3 Rxd1 26. Rxd1 Bf5 27. Qh5 Rd8 28. Re1
Qf7 29. Qf3 e4 30. Qg3 Re8 31. f4 exf3 32. Qxf3 Be4 33. Qg4 Bc6 34. h4 Be5+ 35.
Kg1 Bf4 36. hxg5 Bxe3+ 37. Rxe3 Rxe3 38. gxh6+ Kh7 0-1

[Event "World Blitz Women 2022"]
[Site "Almaty KAZ"]
[Date "2022.12.29"]
[Round "7.15"]
[White "Beydullayeva, Govhar"]
[Black "Khademalsharieh, Sarasadat"]
[Result "0-1"]
[WhiteTitle "WGM"]
[BlackTitle "IM"]
[WhiteElo "2387"]
[BlackElo "2490"]
[WhiteFideId "13413015"]
[BlackFideId "12512214"]
[EventDate "2022.12.29"]

1. d4 d5 2. c4 e6 3. Nf3 Nf6 4. Nc3 Bb4 5. Bg5 h6 6. Bxf6 Qxf6 7. e3 c5 8. Be2
cxd4 9. Nxd4 O-O 10. O-O Bxc3 11. bxc3 dxc4 12. Bxc4 b6 13. Qe2 Bb7 14. e4 Nd7
15. f4 e5 16. fxe5 Qxe5 17. Rae1 Rac8 18. Nf5 Qc5+ 19. Ne3 Bxe4 20. Kh1 Ne5 21.
Ba6 Rce8 22. Rf4 f5 23. Qf1 Qxc3 24. Nc4 Bd3 25. Rc1 Bxf1 26. Rxc3 Bxc4 27.
Rcxc4 Nxc4 28. Bxc4+ Kh8 29. h3 Re4 30. Rxe4 fxe4 31. Kg1 e3 0-1

[Event "World Blitz Women 2022"]
[Site "Almaty KAZ"]
[Date "2022.12.29"]
[Round "7.16"]
[White "Mammadzada, Gunay"]
[Black "Gaboyan, Susanna"]
[Result "1-0"]
[WhiteTitle "IM"]
[BlackTitle "WIM"]
[WhiteElo "2472"]
[BlackElo "2200"]
[WhiteFideId "13403729"]
[BlackFideId "13303627"]
[EventDate "2022.12.29"]

1. e4 d6 2. d4 g6 3. Nc3 Bg7 4. Be3 Nd7 5. g4 e5 6. Be2 Ne7 7. Qd2 h6 8. O-O-O
c6 9. f4 exf4 10. Bxf4 Nf6 11. h3 b5 12. Bd3 a5 13. Nf3 a4 14. a3 Qd7 15. Rde1
Kf8 16. Rhf1 Ba6 17. e5 dxe5 18. Nxe5 Qb7 19. g5 Nfd5 20. Nxd5 Nxd5 21. gxh6
Bxe5 22. Bxe5 Rh7 23. Bxg6 1-0

[Event "World Blitz Women 2022"]
[Site "Almaty KAZ"]
[Date "2022.12.29"]
[Round "7.17"]
[White "Gong, Qianyun"]
[Black "Atalik, Ekaterina"]
[Result "1-0"]
[WhiteTitle "WGM"]
[BlackTitle "IM"]
[WhiteElo "2299"]
[BlackElo "2403"]
[WhiteFideId "8602425"]
[BlackFideId "4130189"]
[EventDate "2022.12.29"]

1. e4 c6 2. d4 d5 3. e5 Bf5 4. h4 h6 5. c4 e6 6. Nc3 Ne7 7. g4 Bh7 8. h5 dxc4 9.
Bxc4 Nd5 10. Nge2 Be7 11. Bd3 Bxd3 12. Qxd3 Nd7 13. Bd2 Qb6 14. O-O-O O-O-O 15.
Nxd5 cxd5 16. Kb1 Kb8 17. Rc1 Rc8 18. f4 a6 19. a3 Qb5 20. Qxb5 axb5 21. g5
Rxc1+ 22. Bxc1 Kc8 23. gxh6 gxh6 24. f5 exf5 25. Rf1 f6 26. Rxf5 fxe5 27. dxe5
Nc5 28. Nf4 d4 29. Ng6 Re8 30. Bxh6 d3 31. Be3 Ne6 32. h6 Bc5 33. Bxc5 Nxc5 34.
h7 d2 35. Rf1 Nd3 36. Rd1 1-0

[Event "World Blitz Women 2022"]
[Site "Almaty KAZ"]
[Date "2022.12.29"]
[Round "7.18"]
[White "Frayna, Janelle Mae"]
[Black "Pourkashiyan, Atousa"]
[Result "1-0"]
[WhiteTitle "WGM"]
[BlackTitle "WGM"]
[WhiteElo "2265"]
[BlackElo "2321"]
[WhiteFideId "5212499"]
[BlackFideId "12502014"]
[EventDate "2022.12.29"]

1. e4 c5 2. Nf3 e6 3. g3 Nc6 4. Bg2 Nf6 5. Qe2 d6 6. O-O Be7 7. c3 e5 8. Rd1 O-O
9. d4 cxd4 10. cxd4 Bg4 11. dxe5 Nxe5 12. Nc3 Re8 13. Bf4 Qa5 14. Nd5 Bxf3 15.
Bxf3 Nxf3+ 16. Qxf3 Nxd5 17. Rxd5 Qb4 18. b3 Bf8 19. Rad1 Rxe4 20. Bd2 Qa3 21.
Qxe4 Qxa2 22. Qd3 Re8 23. Ra5 Qb2 24. Rxa7 d5 25. Be3 Qf6 26. Qxd5 Be7 27. Rxb7
h6 28. Rd7 g6 29. Bd4 Qa6 30. Qe5 f6 31. Qd5+ Kf8 32. Bc5 Qe2 33. Rxe7 Rxe7 34.
Qd8+ 1-0

[Event "World Blitz Women 2022"]
[Site "Almaty KAZ"]
[Date "2022.12.29"]
[Round "7.19"]
[White "Nomin-Erdene, Davaademberel"]
[Black "Nurgali, Nazerke"]
[Result "0-1"]
[WhiteTitle "IM"]
[BlackTitle "WIM"]
[WhiteElo "2384"]
[BlackElo "2168"]
[WhiteFideId "4900782"]
[BlackFideId "13711261"]
[EventDate "2022.12.29"]

1. f4 d5 2. Nf3 c5 3. g3 Nc6 4. Bg2 g6 5. O-O Bg7 6. d3 e6 7. c3 Nge7 8. e4 O-O
9. Be3 b6 10. Qc2 Bb7 11. Bf2 Rc8 12. Rd1 Qc7 13. Nbd2 Rfd8 14. Nf1 e5 15. fxe5
Nxe5 16. Nxe5 Bxe5 17. Ne3 Bg7 18. Qe2 b5 19. Rac1 Qd6 20. c4 bxc4 21. dxc4 d4
22. Nd5 Nxd5 23. exd5 Re8 24. Qd3 a5 25. b3 Rcd8 26. a3 Bc8 0-1